MARC details
| 000 -CABECERA |
| campo de control de longitud fija |
01680nam a2200337 i 4500 |
| 001 - NÚMERO DE CONTROL |
| campo de control |
991061720862806706 |
| 003 - IDENTIFICADOR DEL NÚMERO DE CONTROL |
| campo de control |
ES-BaIT |
| 005 - FECHA Y HORA DE LA ÚLTIMA TRANSACCIÓN |
| campo de control |
20260226105239.0 |
| 008 - DATOS DE LONGITUD FIJA--INFORMACIÓN GENERAL |
| campo de control de longitud fija |
260226e202502 fr r 000 d fre c |
| 020 ## - NÚMERO INTERNACIONAL ESTÁNDAR DEL LIBRO |
| Número Internacional Estándar del Libro |
9782749816760 |
| 040 ## - FUENTE DE LA CATALOGACIÓN |
| Centro catalogador/agencia de origen |
ES-BaIT |
| Lengua de catalogación |
cat |
| Normas de descripción |
rda |
| Centro/agencia transcriptor |
ES-BaIT |
| 080 ## - NÚMERO DE LA CLASIFICACIÓN DECIMAL UNIVERSAL |
| Número de la Clasificación Decimal Universal |
840-2"20" |
| 100 1# - ENTRADA PRINCIPAL--NOMBRE DE PERSONA |
| Nombre de persona |
Gardet, Vincent |
| Término indicativo de función/relación |
autor |
| 9 (RLIN) |
168719 |
| 245 10 - MENCIÓN DE TÍTULO |
| Título |
Fête des mères : |
| Resto del título |
une tragi-comédie / |
| Mención de responsabilidad, etc. |
Vincent Gardet & Adèle Royné |
| 264 #1 - PRODUCCIÓN, PUBLICACIÓN, DISTRIBUCIÓN, FABRICACIÓN Y COPYRIGHT |
| Producción, publicación, distribución, fabricación y copyright |
Paris : |
| Nombre del de productor, editor, distribuidor, fabricante |
L'avant-scène théâtre, |
| Fecha de producción, publicación, distribución, fabricación o copyright |
février 2025 |
| 300 ## - DESCRIPCIÓN FÍSICA |
| Extensión |
76 pàgines ; |
| Dimensiones |
21 cm |
| 336 ## - TIPO DE CONTENIDO |
| Término de tipo de contenido |
text |
| Código de tipo de contenido |
txt |
| Fuente |
rdacontent |
| 337 ## - TIPO DE MEDIO |
| Nombre/término del tipo de medio |
sense mediació |
| Código del tipo de medio |
n |
| Fuente |
rdamedia |
| 338 ## - TIPO DE SOPORTE |
| Nombre/término del tipo de soporte |
volum |
| Código del tipo de soporte |
nc |
| Fuente |
rdacarrier |
| 490 1# - MENCIÓN DE SERIE |
| Mención de serie |
L'Avant-scène théâtre ; |
| Designación de volumen o secuencia |
no 1568 |
| 500 ## - NOTA GENERAL |
| Nota general |
P5: D2, H3 |
| 500 ## - NOTA GENERAL |
| Nota general |
Publicat com no 1568 (février 2025) de la revista L'Avant-scène théâtre |
| 500 ## - NOTA GENERAL |
| Nota general |
Estrena Théâtre du Train Bleu, el 3 de juliol de 2024 |
| 520 ## - SUMARIO, ETC. |
| Sumario, etc. |
"Suite à une brouille avec sa mère et après trois ans d'absence, Louise profite de la fête des mères pour retourner dans la maison familiale. Ce sera pour elle l'occasion de retrouver ses frères Gabriel et Ziggy, venus accompagnés. Alors que tout le monde fait connaissance, l'absence de la mère étonne puis inquiete. Vincent Gardet at Adèle Royné signent avec Fête des mères une comédie douce-amère qui rend hommage aux fratries, aux gens qui se parlent sans s'écouter, qui se comprennent sans se parler."-- Contracoberta |
| 650 #0 - PUNTO DE ACCESO ADICIONAL DE MATERIA--TÉRMINO DE MATERIA |
| Término de materia o nombre geográfico como elemento de entrada |
Germans i germanes |
| Subdivisión de forma |
Textos dramàtics |
| 9 (RLIN) |
168720 |
| 700 1# - ENTRADA AGREGADA--NOMBRE PERSONAL |
| Nombre de persona |
Royné, Adèle |
| Término indicativo de función/relación |
autor |
| 9 (RLIN) |
168721 |
| 830 ## - PUNTO DE ACCESO ADICIONAL DE SERIE-TÍTULO UNIFORME |
| Título uniforme |
Avant-scène. |
| Nombre de parte o sección de la obra |
Théâtre |
| Designación de volumen o secuencia |
no 1568 |
| 9 (RLIN) |
168170 |
| 908 ## - COLOCAR PARÁMETRO DE COMANDO (RLIN) |
| Colocar parámetro de comando |
CDMAE |
| 940 ## - EQUIVALENCIA O REFERENCIA-CRUZADA--TÍTULO UNIFORME [OBSOLETO] [solamente CAN/MARC] |
| Título uniforme |
<a href="CDMAE">CDMAE</a> |
| 942 ## - ELEMENTOS DE ENTRADA AGREGADA (KOHA) |
| Fuente del sistema de clasificación o colocación |
Clasificación decimal universal |
| Tipo de ítem Koha |
Llibre |